000 00786cam a22002531 4500
001 sa 68006852
003 DLC
005 20260227112519.0
008 711020s1962 ii 000 0 eng
010 _asa 68006852
025 _aPL480:I-E-8564
040 _aDLC
_cDLC
_dDLC
043 _aa-ii---
050 0 0 _aHJ4387.P3
_bA53
110 1 _aPatna, India (State)
245 1 0 _aFinal report on the land revenue settlement of the Patna State, 1937.
260 _aBerhampur,
_bPrinted at Sarada Press,
_c1962.
300 _aii, 48, xxx p.
_c33 cm.
350 _aRe0.82
500 _a"Published by authority."
650 0 _aLand value taxation
_zIndia
_zPatna (State)
650 0 _aLand tenure
_zIndia
_zPatna (State)
650 0 _aAgriculture
_xEconomic aspects
_zIndia
_zPatna (State)
999 _c81569
_d81569